[Event "EIWCC 2018"]
[Site "Vysoke Tatry"]
[Date "2018.04.18"]
[Round "10"]
[White "Zhukova, Natalia"]
[Black "Ptacnikova, Lenka"]
[Result "0-1"]
[WhiteElo "2426"]
[BlackElo "2198"]
[PlyCount "72"]
[EventDate "2018.??.??"]
[EventType "swiss"]
[EventCountry "SVK"]
[SourceTitle "playchess.com"]
[Source "ChessBase"]
[SourceQuality "1"]

1. c4 e5 2. Nc3 Nc6 3. Nf3 Nf6 4. g3 d5 5. cxd5 Nxd5 6. Bg2 Nb6 7. O-O Be7 8.
a3 O-O 9. b4 Re8 10. d3 Bf8 11. Be3 Nd4 12. Nd2 c6 13. Nde4 a5 14. Rb1 axb4 15.
axb4 Bg4 16. h3 Bh5 17. g4 Bg6 18. Ng3 f6 19. b5 Nd5 20. Nxd5 cxd5 21. Bxd4
exd4 22. Qb3 Bf7 23. b6 g6 24. Rfc1 Ba3 25. Rc2 Kg7 26. Ra1 Bd6 27. Rxa8 Qxa8
28. Bxd5 Bxg3 29. fxg3 Qa5 30. e4 dxe3 31. Rc7 e2 32. Rxf7+ Kh8 33. Rxf6 e1=Q+
34. Kh2 Re2+ 35. Bg2 Rxg2+ 36. Kxg2 Qad2+ 0-1

[Event "EIWCC 2018"]
[Site "Vysoke Tatry"]
[Date "2018.04.19"]
[Round "11"]
[White "Chernyak, Viktoria"]
[Black "Caglar, Sila"]
[Result "1-0"]
[WhiteElo "2196"]
[BlackElo "2077"]
[PlyCount "105"]
[EventDate "2018.??.??"]
[EventType "swiss"]
[EventCountry "SVK"]
[SourceTitle "playchess.com"]
[Source "ChessBase"]
[SourceQuality "1"]

1. Nf3 g6 2. c4 c6 3. d4 d5 4. e3 Bg7 5. Nc3 Nf6 6. b3 O-O 7. Bb2 Nbd7 8. Bd3
e5 9. dxe5 Ng4 10. cxd5 Ndxe5 11. Nxe5 Bxe5 12. Qd2 cxd5 13. Nb5 Re8 14. Bxe5
Nxe5 15. O-O Bg4 16. Nd4 Rc8 17. Rac1 b6 18. h3 Bd7 19. Ba6 Rc5 20. b4 Rxc1 21.
Rxc1 Nc4 22. Bxc4 dxc4 23. Rxc4 Bc8 24. Nf3 Be6 25. Rd4 Qf6 26. Kh2 Bf5 27. h4
Be4 28. Ng5 h6 29. Rd6 Qe5+ 30. f4 Qf5 31. Rd8 Bc6 32. Nf3 Rxd8 33. Qxd8+ Kg7
34. Qd4+ Qf6 35. Kg1 Bxf3 36. Qxf6+ Kxf6 37. gxf3 Ke6 38. e4 Kd6 39. h5 gxh5
40. Kg2 a5 41. bxa5 bxa5 42. Kh3 a4 43. f5 Ke5 44. Kh4 a3 45. Kxh5 Kd4 46. Kxh6
Kc3 47. e5 Kb2 48. e6 fxe6 49. fxe6 Kxa2 50. e7 Kb1 51. e8=Q a2 52. Qe1+ Kb2
53. f4 1-0

[Event "EIWCC 2018"]
[Site "Vysoke Tatry"]
[Date "2018.04.19"]
[Round "11"]
[White "Gara, Ticia"]
[Black "Tsolakidou, Stavroula"]
[Result "1-0"]
[WhiteElo "2330"]
[BlackElo "2430"]
[PlyCount "151"]
[EventDate "2018.??.??"]
[EventType "swiss"]
[EventCountry "SVK"]
[SourceTitle "playchess.com"]
[Source "ChessBase"]
[SourceQuality "1"]

1. Nf3 Nf6 2. c4 e6 3. g3 d5 4. Bg2 dxc4 5. Qa4+ Bd7 6. Qxc4 c5 7. Ne5 Qc8 8.
Qd3 Nc6 9. Nxd7 Nxd7 10. Qb5 Nd4 11. Qa4 Be7 12. e3 Nc6 13. O-O O-O 14. Na3 Nb6
15. Qb3 Rd8 16. d3 Qd7 17. Rd1 Rab8 18. Nc4 Nd5 19. a4 b6 20. Bd2 a6 21. Bc3
Qc7 22. Qc2 Rd7 23. Be1 Bf8 24. b3 Ndb4 25. Qe2 b5 26. axb5 axb5 27. Bxc6 Nxc6
28. Na5 Ne7 29. Rac1 Qb6 30. b4 cxb4 31. Bxb4 Nd5 32. Rc6 Qa7 33. Bxf8 Rxf8 34.
Ra1 Qa8 35. Rcc1 Ra7 36. Nb3 b4 37. Rxa7 Qxa7 38. Ra1 Qb7 39. e4 Nc3 40. Qe3
Qc8 41. Ra7 e5 42. Kg2 Qe6 43. Nc5 Qd6 44. Nb3 Rb8 45. Qf3 Rf8 46. Rb7 h6 47.
Nd2 Qc5 48. Nc4 Nb5 49. Qf5 Nd6 50. Nxd6 Qxd6 51. h4 Qc5 52. Qd7 Qc3 53. Qd5
Kh8 54. Qc4 Qd2 55. Rxb4 Rd8 56. Rb7 Rf8 57. Rxf7 Rxf7 58. Qxf7 Qc3 59. Qf8+
Kh7 60. Qf5+ Kg8 61. h5 Qd4 62. g4 Qd6 63. Qg6 Qe7 64. g5 Qxg5+ 65. Qxg5 hxg5
66. Kg3 Kh7 67. Kg4 Kh6 68. Kf5 Kxh5 69. Kxe5 Kg4 70. d4 Kf3 71. d5 g4 72. d6
Kxf2 73. d7 g3 74. d8=Q g2 75. Qd2+ Kf1 76. Qf4+ 1-0

[Event "EIWCC 2018"]
[Site "Vysoke Tatry"]
[Date "2018.04.19"]
[Round "11"]
[White "Mammadova, Gulnar"]
[Black "Bulmaga, Irina"]
[Result "1/2-1/2"]
[WhiteElo "2360"]
[BlackElo "2414"]
[PlyCount "111"]
[EventDate "2018.??.??"]
[EventType "swiss"]
[EventCountry "SVK"]
[SourceTitle "playchess.com"]
[Source "ChessBase"]
[SourceQuality "1"]

1. e4 c5 2. Nf3 e6 3. c3 d5 4. exd5 exd5 5. Bb5+ Nc6 6. d4 Bd6 7. O-O Nge7 8.
dxc5 Bxc5 9. h3 O-O 10. Nbd2 Ng6 11. Nb3 Bb6 12. Re1 a6 13. Bxc6 bxc6 14. Be3
Bc7 15. Bc5 Re8 16. Nbd4 Rxe1+ 17. Qxe1 Bd7 18. Qe3 h6 19. Ne2 Qf6 20. Bd4 Qe6
21. Qd2 Re8 22. Re1 Qd6 23. b4 Nh4 24. Ng3 Nxf3+ 25. gxf3 Rxe1+ 26. Qxe1 h5 27.
h4 Qg6 28. Kg2 Bd6 29. Qe2 Qe6 30. Qxe6 fxe6 31. Nxh5 e5 32. Be3 Bf5 33. Ng3
Bd3 34. Kh3 d4 35. Bd2 a5 36. a3 a4 37. Kg4 Kf7 38. Ne4 Ke6 39. h5 Bxe4 40.
fxe4 c5 41. Kg5 dxc3 42. Bxc3 cxb4 43. axb4 Kf7 44. Kf5 a3 45. b5 Bc7 46. f3 a2
47. Ba1 Bd8 48. f4 exf4 49. Kxf4 Ke6 50. e5 Bb6 51. Ke4 Bc7 52. Bb2 Ba5 53. Kd3
Bc7 54. Ke4 Bd8 55. Ba1 Bb6 56. Bb2 1/2-1/2

[Event "EIWCC 2018"]
[Site "Vysoke Tatry"]
[Date "2018.04.19"]
[Round "11"]
[White "Badelka, Olga"]
[Black "Batsiashvili, Nino"]
[Result "1/2-1/2"]
[WhiteElo "2375"]
[BlackElo "2521"]
[PlyCount "67"]
[EventDate "2018.??.??"]
[EventType "swiss"]
[EventCountry "SVK"]
[SourceTitle "playchess.com"]
[Source "ChessBase"]
[SourceQuality "1"]

1. d4 Nf6 2. c4 e6 3. Nc3 Bb4 4. Qc2 O-O 5. e4 d5 6. e5 Ne4 7. Bd3 c5 8. Nge2
cxd4 9. Nxd4 Nd7 10. Bf4 Qh4 11. g3 Qh5 12. O-O g5 13. cxd5 Nxc3 14. dxe6 fxe6
15. bxc3 gxf4 16. cxb4 Nxe5 17. f3 Nxd3 18. Qxd3 Qg6 19. Qxg6+ hxg6 20. Rfe1
fxg3 21. hxg3 Bd7 22. f4 Rfe8 23. Rac1 Rac8 24. Kf2 Kf7 25. Nf3 Kf6 26. Ne5 Ba4
27. Rh1 Kg7 28. Ke3 Red8 29. Nd3 Bc6 30. Rh2 Rd5 31. Ne5 a5 32. a3 axb4 33.
axb4 Rb5 34. Nxc6 1/2-1/2

[Event "EIWCC 2018"]
[Site "Vysoke Tatry"]
[Date "2018.04.19"]
[Round "11"]
[White "Cibickova, Zuzana"]
[Black "Velikic, Adela"]
[Result "0-1"]
[WhiteElo "2327"]
[BlackElo "2241"]
[PlyCount "110"]
[EventDate "2018.??.??"]
[EventType "swiss"]
[EventCountry "SVK"]
[SourceTitle "playchess.com"]
[Source "ChessBase"]
[SourceQuality "1"]

1. e4 c6 2. d4 d5 3. e5 Bf5 4. h4 h5 5. Bd3 Bxd3 6. Qxd3 Qa5+ 7. Nd2 e6 8. Ngf3
Ne7 9. O-O Nf5 10. c4 Qa6 11. b3 Be7 12. g3 Nd7 13. Qc2 O-O 14. Bb2 Rac8 15.
Rfe1 b6 16. a3 g6 17. b4 dxc4 18. Qxc4 Qxc4 19. Nxc4 c5 20. dxc5 bxc5 21. b5
Nb6 22. Nxb6 axb6 23. a4 Rfd8 24. Red1 Rd5 25. Rd2 Rcd8 26. Rad1 Rxd2 27. Rxd2
Ra8 28. Bc3 Rxa4 29. Rc2 Kf8 30. Kf1 Ke8 31. Ke2 Ra3 32. Kd3 f6 33. Nd2 Nd4 34.
Rb2 fxe5 35. Nc4 e4+ 36. Kd2 Nf3+ 37. Kc2 Rxc3+ 38. Kxc3 Bf6+ 39. Kb3 Bxb2 40.
Kxb2 Nd4 41. Nxb6 Nxb5 42. Na4 c4 43. Nb6 c3+ 44. Kc2 Ke7 45. Na4 e3 46. fxe3
Kf6 47. Nc5 Kf5 48. Nd7 e5 49. Nf8 e4 50. Kd1 Na3 51. Nh7 Nc4 52. Kc2 Nxe3+ 53.
Kxc3 Nf1 54. Kd4 Nxg3 55. Ke3 Ke5 0-1